An introduction to public international law/ (Record no. 7175)

MARC details
000 -LEADER
fixed length control field 00492nam a22001697a 4500
003 - CONTROL NUMBER IDENTIFIER
control field OSt
005 - DATE AND TIME OF LATEST TRANSACTION
control field 20260124023758.0
008 - FIXED-LENGTH DATA ELEMENTS--GENERAL INFORMATION
fixed length control field 251217b |||||||| |||| 00| 0 eng d
020 ## - INTERNATIONAL STANDARD BOOK NUMBER
International Standard Book Number 971-23-3571-2.
040 ## - CATALOGING SOURCE
Original cataloging agency DWCL Main Lib.
Transcribing agency OC
082 ## - DEWEY DECIMAL CLASSIFICATION NUMBER
Edition number 1st. ed.
Classification number Res. 341 B456u 2002
100 ## - MAIN ENTRY--PERSONAL NAME
Personal name Bernas, Joaquin G.
245 ## - TITLE STATEMENT
Title An introduction to public international law/
Statement of responsibility, etc. Joaquin G. Bernas
260 ## - PUBLICATION, DISTRIBUTION, ETC.
Place of publication, distribution, etc. Rex Book Store, Inc.
300 ## - PHYSICAL DESCRIPTION
Extent x, 418 p. ;
Dimensions 23 cm.
942 ## - ADDED ENTRY ELEMENTS (KOHA)
Source of classification or shelving scheme Dewey Decimal Classification
Koha item type Book- Reserved
Call number prefix Res.
Suppress in OPAC No
952 ## - LOCATION AND ITEM INFORMATION (KOHA)
--
Holdings
Withdrawn status Lost status Source of classification or shelving scheme Damaged status Not for loan Home library Current library Shelving location Date acquired Source of acquisition Cost, normal purchase price Total Checkouts Full call number Barcode Date last seen Copy number Price effective from Koha item type Uniform Resource Identifier
    Dewey Decimal Classification     College Library College Library Reserved 02/04/2003 School Fund 0.00   Res. 341 B456u 2002 CL37137 12/17/2025 c1 12/17/2025 BK-0 CIRC